002990000a220012100045000410008000000820016000081000040000242450052000642500006001162600037001223000012001590010006001710 aSPA04aG 863 G215i1 aGarcía Márquez, Gabriel (1928-)10aOjos de perro azul / Gabriel García Márquez a3 aBogotá, Colombia : Oveja Negra a118 Pag11541